Financing Education in a Climate Change (Record no. 84948)

MARC details
000 -LEADER
fixed length control field 00720nam a22002537a 4500
003 - CONTROL NUMBER IDENTIFIER
control field URS
005 - DATE AND TIME OF LATEST TRANSACTION
control field 20250828100507.0
008 - FIXED-LENGTH DATA ELEMENTS--GENERAL INFORMATION
fixed length control field 250320b ||||| |||| 00| 0 eng d
020 ## - INTERNATIONAL STANDARD BOOK NUMBER
International Standard Book Number 9780137071364
040 ## - CATALOGING SOURCE
Transcribing agency URS
050 ## - LIBRARY OF CONGRESS CALL NUMBER
Classification number LB2825
Item number .B86 2012
100 ## - MAIN ENTRY--PERSONAL NAME
9 (RLIN) 11472
Personal name Brimley, Vern
245 ## - TITLE STATEMENT
Title Financing Education in a Climate Change
250 ## - EDITION STATEMENT
Edition statement 11th Edition
264 ## - PRODUCTION, PUBLICATION, DISTRIBUTION, MANUFACTURE, AND COPYRIGHT NOTICE
Place of production, publication, distribution, manufacture Boston
Name of producer, publisher, distributor, manufacturer Pearson Education
Date of production, publication, distribution, manufacture, or copyright notice ©2012
300 ## - PHYSICAL DESCRIPTION
Extent 382 pages.,:
Dimensions 14 cm.
336 ## - CONTENT TYPE
Source rdacontent
Content type term text
337 ## - MEDIA TYPE
Source rdamedia
Media type term unmediated
338 ## - CARRIER TYPE
Source rdacarrier
Carrier type term volume
650 #0 - SUBJECT ADDED ENTRY--TOPICAL TERM
9 (RLIN) 11473
Topical term or geographic name entry element Education
General subdivision United States -- Finance
700 ## - ADDED ENTRY--PERSONAL NAME
9 (RLIN) 11474
Personal name Garfield, Rulon R.
700 ## - ADDED ENTRY--PERSONAL NAME
9 (RLIN) 11475
Personal name Verstegen, Deborah A.
942 ## - ADDED ENTRY ELEMENTS (KOHA)
Source of classification or shelving scheme Library of Congress Classification
Koha item type Reserved Books
Holdings
Withdrawn status Source of classification or shelving scheme Damaged status Not for loan Collection code Home library Current library Date acquired Total Checkouts Full call number Barcode Date last seen Price effective from Koha item type
  Library of Congress Classification     Non-fiction Morong Graduate Library Morong Graduate Library 03/20/2025   LB2825 .B86 2012 URSMOR-GL-5017 03/20/2025 03/20/2025 Reserved Books

University of Rizal System
Email us at univlibservices@urs.edu.ph

Visit our Website www.urs.edu.ph/library